000 00675nam a2200229Ia 4500
005 20250425161936.0
008 250425s9999 xx 000 0 und d
041 _aspa
082 _a621.75
110 _aDEUTSCHE GESELLSCHAFT FUR TECHNISCHE ZUSAMMENARBEIT
245 0 _aTECNOLOGIA MECANICA PRACTICA 2: CURSO SUPERIOR. MANUAL PARA EL INSTRUCTOR
250 _a1A ED.
260 _aCUENCA
_bEDIBOSCO
260 _aEcuador
_bDEUTSCHE GESELLSCHAFT FUR TECHNISCHE ZUSAMMENARBEIT
_c1983
300 _a58
650 _aENSAYOS DE MATERIALES
650 _aESMERILADO
650 _aFRESADO (MAQUINADO)
650 _aTEMPLE SUPERFICIAL
942 _c01
010 _a36024
999 _c219328
_d219328